| 000 | 00000nam##2200000za#4500 |
| 001 | 9.635740 |
| 003 | CaOODSP |
| 005 | 20250611103527 |
| 007 | cr ||||||||||| |
| 008 | 150407|2008||||xxc|||||o f|0| 0 fre|d |
| 020 | |a978-0-662-04820-6 |
| 040 | |aCaOODSP|bfre |
| 043 | |an-cn--- |
| 086 | 1 |aA98-4/6-2008F-PDF |
| 110 | 1 |aCanada. |bAgriculture et agroalimentaire Canada. |
| 245 | 10|aLes friches agricoles au Québec : |h[ressource électronique]|bétat des lieux et approches de valorisation / |
| 260 | |bAgriculture et Agroalimentaire Canada |cJuillet 2008. |
| 300 | |a66p.|bfigures, cartes (certaines en couleur), références, tableaux, photographies |
| 590 | |a08-50|b2008-12-12 |
| 691 | 07|aTerre agricole|2gcpds |
| 720 | 1 |aVouligny, Caroline |
| 720 | 1 |aGariépy, Stéphane |
| 775 | 08|tAbandoned farmland in Quebec : |w(CaOODSP)9.691409 |
| 856 | 40|ahttp://publications.gc.ca|qPDF|s8603 Ko|uhttps://publications.gc.ca/collections/collection_2008/agr/A98-4-6-2008F.pdf |